[Event "It (open)"]
[Site "masterchessopen.com - Skopje (Macedonia)"]
[Date "2012.04.08"]
[Round "3"]
[White "Markus Robert (SRB)"]
[Black "Dinev Dejan (MKD)"]
[Result "1-0"]
[WhiteElo "2625"]
[BlackElo "2373"]

1.d4 f5 2.g3 Nf6 3.Bg2 e6 4.Nf3 Be7 5.O-O O-O 6.c4 d6 7.Nc3 Qe8 8.b3 Qh5 9.Ba3
Nbd7 10.Qd3 g5 11.Qe3 g4 12.Ne5 Nxe5 13.dxe5 Ne8 14.Rad1 Bg5 15.Qd3 f4 16.Ne4
Bd8 17.exd6 cxd6 18.Nxd6 Be7 19.gxf4 Rxf4 20.Nxe8 Bxa3 21.Qd8 Kf7 22.Nc7 {#r}
1-0

[Event "It \"]
[Site "masterchessopen.com - Szklarska Poreba (Poland)"]
[Date "2012.06.05"]
[Round "3"]
[White "Malaniuk Vladimir P (UKR)"]
[Black "Betkowski Andrzej (POL)"]
[Result "1-0"]
[WhiteElo "2509"]
[BlackElo "2186"]

1.d4 e6 2.Nf3 f5 3.g3 Nf6 4.Bg2 Be7 5.O-O O-O 6.c4 d6 7.b3 Qe8 8.Nc3 a5 9.Qc2
Na6 10.e4 fxe4 11.Nxe4 Nxe4 12.Qxe4 Qh5 13.g4 Qf7 14.Ng5 Bxg5 15.Bxg5 Rb8
16.Rae1 Bd7 17.Bd2 b6 18.h3 c6 19.a3 Nc7 20.Qd3 Ra8 21.Be4 g6 22.Bh6 Rfe8
23.Qg3 e5 24.dxe5 d5 25.cxd5 cxd5 26.Bd3 d4 27.Bc4 Be6 28.f4 b5 29.Bxe6 Qxe6
30.f5 Qd5 31.e6 Ra7 32.Qe5 Qxe5 33.Rxe5 {#r} 1-0